000 00656nam a2200217Ia 4500
005 20230516103222.0
008 131103s9999 xx 000 0 und d
040 _aLoreto College
041 _aEnglish
082 _a823.91
_bJAM-SHA
100 _aJames, Henry
245 _aSelected literary criticism
_cHenry James; edited by Morrie shapira; prefaced with a note on James as critic by F.R. Leavis
260 _aHarmondsworth
_bPenguin Books
_c1968
300 _a400p.
504 _aIncludes index
650 _aEnglish Literature - Fiction
651 _aFiction-ciriticism
700 _aShapira, Morris, ed.
850 _aLCLIB
942 _cBK
999 _c22470
_d72949